| 000 | 00755nam a22002417a 4500 | ||
|---|---|---|---|
| 005 | 20170124110033.0 | ||
| 010 | _aA-877746 | ||
| 020 | _c115.00 | ||
| 035 | _aA-877746 | ||
| 037 | _bCen Lib/Ret | ||
| 040 |
_adpl _bEN |
||
| 082 |
_a929.44 _bNAM |
||
| 245 |
_aNamanjali : _ccompiled by Usha Kedia;edited by Ratan Sharda _ban identity-not just a name / |
||
| 250 | _a2nd rev ed | ||
| 260 |
_bShlok Pulication _c1996 _aBombay |
||
| 270 |
_a3rd Floor, Sharda Bhuvan, Nanda Patkar Road, Vile Parle(East) _bBombay _e400 057 |
||
| 300 |
_a241p. : _c20cm(Hb) _bill. |
||
| 650 |
_aNames. _922042 |
||
| 650 |
_aNames & Insignia. _922043 |
||
| 700 |
_aKedia, Usha _922044 |
||
| 700 |
_aSharda, Ratan _922045 |
||
| 942 |
_2ddc _cEN _h929.44 _mNAM |
||
| 999 |
_c127964 _d127964 |
||